| 000 | 01365nam a22002895a 4500 | ||
|---|---|---|---|
| 003 | EG-ScBUE | ||
| 005 | 20221010111205.0 | ||
| 008 | 180308s1966 ua a f b 001 0 ara d | ||
| 040 |
_aEG-ScBUE _bara _erda _cEG-ScBUE _dEG-ScBUE |
||
| 041 | 1 |
_aara _heng |
|
| 082 | 0 | 4 |
_a700 _bم ا ي _222 |
| 100 | 1 |
_aمايرز، برنارد، _d1908-1993، _eمؤلف. |
|
| 240 | 1 | 0 |
_aUnderstanding the arts. _lArabic. |
| 245 | 1 | 2 |
_aالفنون التشكيلية وكيف نتذوقها / _cتأليف برنارد مايرز ؛ ترجمة الدكتور سعد المنصوري، مسعد القاضي ؛ مراجعة وتقديم سعيد محمد خطاب. |
| 264 | 1 |
_aالقاهرة : _bمكتبة النهضة المصرية ؛ _bمؤسسة فرانكلين للطباعة والنشر، _c1966. |
|
| 300 |
_a453 صفحة : _bإيضاحيات ؛ _c24 سم |
||
| 504 | _aيشتمل على إرجاعات ببليوجرافية وكشافات. | ||
| 546 | _aالنص باللغة العربية وتم ترجمته من اللغة الإنجليزية. | ||
| 650 | 7 |
_aالفنون التشكيلية. _2BUEsh _922009 |
|
| 651 | _2BUEsh | ||
| 653 |
_bGGEN _cMarch2018 |
||
| 655 | _vReading book | ||
| 700 | 1 |
_aمنصوري، سعد، _eمترجم. |
|
| 700 | 1 |
_aقاضي، مسعد، _eمترجم. |
|
| 700 | 1 |
_aخطاب، سعيد محمد، _eمراجع. |
|
| 942 | _2ddc | ||
| 999 |
_c26261 _d26233 |
||